| 000 | 00620nam a22001457a 4500 | ||
|---|---|---|---|
| 020 | _a978-0-00-727010-1 | ||
| 082 |
_a823 _bAHE/P |
||
| 100 | _aCECELIA AHERN | ||
| 245 | _aP S I LOVE YOU | ||
| 260 |
_aLONDON _bHARPER COLLINS |
||
| 300 | _a503 | ||
| 520 | _aP.S. I Love You follows Holly Kennedy through her most difficult moments as she tries to process the all-consuming grief she faces at the loss of her husband, Gerry. The pair were inseparable since their relationship began and up until his death which left Holly inconsolable and lost in her new life as a widowed woman. | ||
| 650 |
_aNOVEL _zLONDON |
||
| 942 | _cBK | ||
| 999 |
_c2242 _d2242 |
||